| 000 | 00412nam a22001457a 4500 | ||
|---|---|---|---|
| 005 | 20260423180429.0 | ||
| 008 | 260423b |||||||| |||| 00| 0 eng d | ||
| 020 | _a0631158960 | ||
| 020 | _a9780631158967 | ||
| 050 |
_aPN94 _b.C86 CUL |
||
| 100 | _aCuller Jonathan | ||
| 245 |
_aFraming the Sign: _bCriticism and its Institutions/ _cJonathan Culler |
||
| 260 |
_aOxford _bBasil Blackwell _c1988 |
||
| 942 |
_2lcc _cBK _n0 |
||
| 999 |
_c9599 _d9599 |
||